Vplyv jazykových mutácií webových stránok z oblasti cestovného ruchu na úspešnosť podnikania diplomová práca

Guardado en:
Detalles Bibliográficos
Autor principal: Zemková, Zuzana
Autor Corporativo: Obchodná fakulta EU. Katedra informatiky obchodných firiem
Otros Autores: Pólya, Attila
Formato: Libro
Lenguaje:eslovaco
Publicado: Bratislava 2010
Etiquetas: Agregar Etiqueta
Sin Etiquetas, Sea el primero en etiquetar este registro!

MARC

LEADER 00000nam a2200000 4500
001 0121304
005 20240318123737.9
041 0 |a slo 
044 |a SK 
245 1 0 |a Vplyv jazykových mutácií webových stránok z oblasti cestovného ruchu na úspešnosť podnikania  |b diplomová práca  |c Zuzana Zemková ; škol. Attila Pólya 
264 1 |a Bratislava  |c 2010 
300 |a 62 s. 
100 1 |a Zemková, Zuzana 
700 1 |a Pólya, Attila 
710 2 |a Obchodná fakulta EU. Katedra informatiky obchodných firiem